01481nam a2200217 a 450000100100000000500170001000800410002702000150006804000250008308200130010810000350012124501240015626001190028030000250039949000810042450505280050550000730103370000400110670000360114683000810118200004160920201002035650.0131014s19782005sp g 000 0 spa d a8400002245 aDO-SdBNPbspacBNPHU axxxbxxx1 aGuerrero, Franciscod1528-159910aOpera Omnia. /cFrancisco Guerrero; introducción, José M. Llorens Cisteró; semitonía, Karl H. Müller-Lancé. aBarcelona, :bConsejo Superior de Investigaciones CientíficasbInstituto Español de Musicología,c1978-2005. av. :bmus. ;c33 cm.1 aMonumentos de la música españolav36v38v43v48v51v52v56v62v68v720 gv. 1tCanciones y villanescas espirituales (Venecia 1589). Primera parte, a cinco vocesgv. 2tCanciones y villanescas espirituales (Venecia 1589). Segunda parte, a cuatro y a tres vocesgv 3tMotetes I-XXIIgv. 4tMissarum liber primusgv. 5tMissarum liber secundusgv. 7tMissarum liber tertiusgv. 8tMissarum liber quartusgv. 9tMissarum liber quintusgv. 10tMagnificat per omnes tonosgv. 11tSalmos de vísperas - pasionariosgv. 13tMotetes del santoral, XLVII-LXXVgv. 14tMotetes de tempore et alia, LXXVI-CVII aLa biblioteca posee los volumenes: 3, 4, 5, 7, 8, 9, 10, 11, 13 y 141 aLlorens Cisteró, José M.eintr.1 aMüller-Lancé, Karl H.esem. 0aMonumentos de la música españolav36, 38, 43, 48, 51, 52, 56, 62, 68, 72